Normal view
MARC view
Entry Personal Name
001 - CONTROL NUMBER
- control field: 24911
003 - CONTROL NUMBER IDENTIFIER
- control field: OSt
005 - DATE AND TIME OF LATEST TRANSACTION
- control field: 20230614141420.0
008 - FIXED-LENGTH DATA ELEMENTS
- fixed length control field: 230614|| aca||aabn | a|a d
040 ## - CATALOGING SOURCE
- Original cataloging agency: OSt
- Transcribing agency: OSt
100 ## - HEADING--PERSONAL NAME
- Personal name: Shirley, Anne (Fictitious character).
670 ## - SOURCE DATA FOUND
- Source citation: Work cat.: (OSt): Montgomery, L. M. 24910, Anne of Green Gables /, 2014.